| 000 | 00563nam a2200181Ia 4500 | ||
|---|---|---|---|
| 003 | OSt | ||
| 005 | 20200925141541.0 | ||
| 008 | 190216s9999||||xx |||||||||||||| ||und|| | ||
| 020 | _a9788178085074 | ||
| 040 | _coclc | ||
| 082 |
_a572.80285 _bATT/I |
||
| 100 |
_aAttwood, Teresa K _95019 |
||
| 245 | 0 |
_aIntroduction To Bioinformatics / _cTeresa K Attwood ; David J Parry Smith |
|
| 260 |
_bPearson Education International, _c2004. _aNew Delhi: |
||
| 300 | _a218p | ||
| 650 | _aBotany | ||
| 942 |
_cBK _2ddc _h572.80285 _iATT/I _k572.80285 _mATT/I |
||
| 999 |
_c1527 _d1527 |
||